MARC

LEADER 00000nam0a2200000 4500
001 269275
005 20231101234235.0
020 |a RU  |b 87-34277 
035 |a (RuTPU)RU\TPU\book\292449 
090 |a 269275 
100 |a 20140916d1987 km y0rusy5003 ca 
101 0 |a rus 
102 |a RU 
105 |a a z 001zy 
200 1 |a Измерение параметров речи  |f В. Г. Михайлов, Л. В. Златоустова  |g под ред. М. А. Сапожкова 
210 |a Москва  |c Радио и связь  |d 1987 
215 |a 168 с.  |c ил. 
320 |a Библиогр.: с. 163-166 (99 назв.) 
606 1 |a Речь  |x Параметры  |x Измерение  |2 stltpush  |3 (RuTPU)RU\TPU\subj\25216  |9 49428 
610 1 |a распознавание автоматическое 
610 1 |a цифровые вычислительные машины 
610 1 |a речевые сообщения 
610 1 |a вывод 
610 1 |a статистические характеристики 
610 1 |a структура 
610 1 |a качество 
610 1 |a телефонная связь 
610 1 |a вокодеры 
610 1 |a отклонения 
675 |a 534.7  |z rus  |v 4 
700 1 |a Михайлов  |b В. Г.  |g Вадим Георгиевич  |4 070 
701 1 |a Златоустова  |b Л. В.  |g Любовь Владимировна  |4 070 
702 1 |a Сапожков  |b М. А.  |4 340 
801 0 |a RU  |b RuMRKP  |c 19950417  |g psbo 
801 1 |a RU  |b 63413507  |c 20140916 
801 2 |a RU  |b 63413507  |c 20170222  |g RCR 
942 |c BK